000
00209 a2200097 4500
001
3849
100
_a
Elen, L.W.F
245
_a
Mechanics new introduction
260
_a
_b
Cleaver-hume
_c
090
_c
3080
_d
3080
942
_a
NUST-CAE
_c
M
_c
23114
999
_c
238922
_d
238922